00459 2200169 4500245004700000020002200047250001100069100002000080700001700100650002100117005001900138260007000157041001400227084000800241300003100249336000900280 aSelamatkan Dirimu !cDewi CholidatulhText a978-602-244-947-8 aCet. 1 aDewi Cholidatul aOmega Hanifa aCerita Bergambar a20240902105145 aJakartabKementerian Pendidikan, Kebudayaan, Riset, dan Teknologi aIndonesia a741 aii, 30 hlm., 23 × 23 cm : atext